000 00934cab a2200277 4500
001 ABS59403
008 090401t1998 xxu||||| |||| 00| 0 eng d
035 _a(Sirsi) u89010
041 _aeng
100 _aStamford, A.
245 _aStill looking for answers
260 _c1998
350 _a0
490 _aBuilding Economist
_vSeptember 1998, 6-7(2)
520 _aAnalysis of the government`s Comprehensive Spending Review to see what the construction industry may gain. Considers likely areas for public investment, including education and the health sector, and the failure to actively promote the PFI.
650 _aCOMPREHENSIVE SPENDING REVIEW
650 _aCONSTRUCTION MARKET
650 _aEDUCATION SECTOR
650 _aHEALTH SECTOR
650 _aPFI
650 _aPUBLIC INVESTMENT
650 _aPUBLIC SPENDING
690 _aBUILDING AND CONSTRUCTION-ECONOMICS
942 _n0
948 _c15/10/1998
999 _c56291
_d56291